000 00580nam a2200205Ia 4500
008 131103s9999 xx 000 0 und d
020 _a340179635
_c2.85 pds
040 _aLoreto College
041 _aEnglish
082 _a378/NIB
_bLCLIB/22550
100 _aNiblett,W.Roy
245 _aUniversities between two worlds
_cW.Roy Niblett
260 _aLondon
_bUniversity Of London
_c1974
300 _aviii,179 p.
_c 22 cm.
504 _aIncludes bibliographical references and index
650 _aEducation
651 _aHigher Education
850 _aLCLIB
942 _cBK
999 _c10757
_d61236